Dosah pandémie covid-19 na vybrané ukazovatele finančnej analýzy slovenských podnikov diplomová práca

Salvato in:
Dettagli Bibliografici
Autore principale: Ježovičová, Martina
Ente Autore: Fakulta hospodárskej informatiky EU. Katedra účtovníctva a audítorstva
Altri autori: Ballová, Martina, 1985-
Natura: Libro
Lingua:slovacco
Pubblicazione: Bratislava 2023
Tags: Aggiungi Tag
Nessun Tag, puoi essere il primo ad aggiungerne!!

MARC

LEADER 00000nbm a2200000 4500
001 0294045
005 20240403103238.1
041 0 |a slo 
044 |a SK 
245 1 0 |a Dosah pandémie covid-19 na vybrané ukazovatele finančnej analýzy slovenských podnikov  |b diplomová práca  |c Martina Ježovičová ; školiteľ: Martina Ballová 
264 1 |a Bratislava  |c 2023 
300 |a 90 s. 
100 1 |a Ježovičová, Martina 
700 1 |a Ballová, Martina, 1985- 
710 2 |a Fakulta hospodárskej informatiky EU. Katedra účtovníctva a audítorstva